Créatures Teen Wolf - Statistiques

Statistiques générales
  • Ce quiz a été pris 2 983 fois
  • Le résultat moyen est 11 sur 14
Statistiques - réponses
Hint Réponse % Correct
Banshee Lydia Martin
99%
Vrai Alpha Scott McCall
99%
Coyote-garou Malia Tate
95%
Kitsune Kira Yukimura
93%
Beta Liam Dunbar
93%
Kanima Jackson Whittemore
91%
Nogitsune Stiles Stilinski
90%
Chien de l'Enfer Jordan Parrish
89%
Chasseur Allison Argent
86%
Jaguar-garou Kate Argent
72%
Première chimère Theo Raeken
72%
Druide Alan Deaton
63%
Darach/Druide noir Jennifer Blake
60%
La bête du Gévaudan Sebastien Valet
36%
Aucun quiz correspondant
Distribution des résultats
% des personnes avec chaque résultat
Percentile par nombre de réponses
Votre historique - résultats
Vous n’avez pas pris ce quiz